Criminal evidence
Salvato in:
| Autori principali: | , |
|---|---|
| Natura: | Libro |
| Lingua: | inglese |
| Pubblicazione: |
Auckland
Oxford University Press
2004
|
| Edizione: | 1a. ed |
| Soggetti: | |
| Tags: |
Aggiungi Tag
Nessun Tag, puoi essere il primo ad aggiungerne!!
|
MARC
| LEADER | 00000nam a2200000 a 4500 | ||
|---|---|---|---|
| 001 | UCI0334 | ||
| 003 | CL-VaPUC | ||
| 008 | 070504e20040000US |||||||||||||||||eng|d | ||
| 020 | |a 0198764979 | ||
| 082 | 0 | 4 | |a 345.05 |b ROB |2 21 |
| 100 | 0 | |a Roberts, Paul |e author |9 520514 | |
| 700 | 0 | |a Zuckerman, Adrian |e author |9 520515 | |
| 245 | 1 | 0 | |a Criminal evidence |
| 250 | |a 1a. ed | ||
| 300 | |a 712 p | ||
| 942 | |c BK | ||
| 945 | |d 20070504 00:00:00 |a jtorresc | ||
| 260 | |a Auckland |b Oxford University Press |c 2004 | ||
| 650 | 7 | |a DERECHO PENAL |2 CL-VaPUC |9 11 | |
| 650 | 7 | |a EVIDENCIA |2 CL-VaPUC |9 503641 | |
| 650 | 0 | |a Procedimiento penal |9 254974 | |
| 650 | 0 | |a Derecho procesal penal |9 255496 | |
| 583 | |a last modification |c 20130305 09:03:37 |k Rodrigo Vera | ||
| 999 | |c 325570 |d 325568 | ||
| 952 | |0 0 |1 0 |4 0 |6 345_050000000000000_ROB_2004 |7 0 |8 A |9 406558 |a BIBDER |b BIBDER |d 2019-11-22 |i 4286995 |o 345.05 ROB 2004 |p 4286995 |r 2019-11-22 |w 2019-11-22 |y BK |k DER | ||